[Event "Pavlodar Open 2019"]
[Site "Pavlodar"]
[Date "2019.11.25"]
[Round "3.7"]
[White "Yudin, Sergei"]
[Black "Boiarintsev, Vitaly"]
[Result "1-0"]
[WhiteElo "2497"]
[BlackElo "2314"]
[Annotator "TA"]
[PlyCount "109"]
[EventDate "2019.11.25"]
[EventType "swiss"]
[EventCountry "KAZ"]
[SourceTitle "playchess.com"]
[Source "ChessBase"]
[SourceQuality "1"]

{[%evp 12,109,24,29,22,0,46,50,31,35,50,1,47,11,16,-29,-19,-15,-22,-21,-28,-38,0,-25,41,32,35,40,155,30,65,64,83,61,58,60,144,156,157,99,147,137,193,206,227,156,170,166,341,335,333,333,295,238,365,354,405,401,617,614,582,593,784,763,865,860,891,665,879,704,1245,1196,1179,863,1210,1258,1077,1018,1262,1238,1209,1210,1620,1580,2625,2289,29948,7606,29963,29963,29968,29969,29984,29985,29989,29990,29993,29994,29994,29995]} 1. e4 g6 2. d4 Bg7 3. Nc3 d6 4. g3 Nc6 5. Be3 e5 6. dxe5 Nxe5 7. h3 Be6 {B06: Modern Defence} (7... Nf6 8. Qd2 O-O 9. O-O-O Re8 10. f4 Nc6 11. Bg2 Bd7 12. Nge2 Rb8 13. g4 Be6 14. Ng3 Nd7 15. e5 Nb6 {½-½ (24) Hirneise,T (2466)-Malakhov,V (2713) Doha 2016}) 8. Bg2 b5 9. Nge2 $146 ({Predecessor:} 9. Bd4 b4 10. Nd5 c5 11. Bxe5 Bxe5 12. Rb1 Ne7 13. Nf3 Bg7 14. O-O O-O 15. Nd2 Nxd5 16. exd5 {½-½ (24) Jovanovic,Z (2389)-Sulava,N (2556) Medulin 2002}) 9... b4 {White is slightly better.} 10. Nd5 c5 11. c3 a5 12. O-O Ne7 13. Nef4 Nxd5 $1 14. Nxd5 O-O 15. Rb1 Rb8 16. Qe2 f5 17. f4 Nc6 (17... Bxd5 $11 18. exd5 Nd7) 18. exf5 $14 Bxf5 19. Rbd1 Re8 {[#]} ({Better is} 19... Kh8 $14) 20. Rfe1 (20. g4 $1 $16 {[%cal Rg4f5]} Be6 21. f5) 20... Qd7 21. g4 Be6 $1 22. Qa6 Bf7 23. Bf2 Qc8 (23... bxc3 $14 24. Rxe8+ Bxe8 25. bxc3 Kh8) 24. Rxe8+ $16 Bxe8 25. Qd3 (25. Qxc8 $142 Rxc8 26. Bh4) 25... Bf7 {[#]} 26. Bh4 $1 $36 {[%mdl 2048] White is on the roll.} bxc3 (26... a4 $16) 27. bxc3 $18 Kh8 28. a4 Qf8 29. Nf6 Be6 $2 (29... Qe7 {is a better defense.}) 30. Qxd6 Bxf6 31. Bxf6+ ({Stronger than} 31. Qxe6 Bxh4 32. Qxc6 Bg3 $11) 31... Qxf6 32. Qxc6 {Threatens to win with Re1.} Rf8 (32... Rc8 {might work better.} 33. Qa6 Rf8) 33. Qxc5 Bb3 34. Rd4 Rd8 (34... h5 $142 35. gxh5 Qf5) 35. Qe5 Rf8 {Black hopes to continue with ...Qxe5.} 36. Qxa5 Rc8 37. Qb4 Bg8 38. a5 {[%cal Ba4a5,Ba5a6][%mdl 32]} h6 39. Rd6 Qg7 40. Qd4 Rxc3 41. Qxg7+ Kxg7 {[%mdl 4096] Endgame KRB-KRB} 42. a6 Rc1+ 43. Kh2 Rc7 44. Rd2 Ra7 45. Bb7 Bc4 46. Rd6 Kf7 47. f5 gxf5 48. gxf5 h5 49. Kg3 Ke7 50. Rb6 {White mates.} Bd3 51. Kf4 h4 52. Ke5 Bf1 53. f6+ Kd7 54. f7 Ke7 55. Rf6 {Accuracy: White = 73%, Black = 21%.} 1-0

[Event "Pavlodar Open 2019"]
[Site "Pavlodar"]
[Date "2019.11.25"]
[Round "4.1"]
[White "Samusenko, Maksim"]
[Black "Tiviakov, Sergei"]
[Result "1/2-1/2"]
[WhiteElo "2445"]
[BlackElo "2613"]
[Annotator "TA"]
[PlyCount "65"]
[EventDate "2019.11.25"]
[EventType "swiss"]
[EventCountry "KAZ"]
[SourceTitle "playchess.com"]
[Source "ChessBase"]
[SourceQuality "1"]

{[%evp 20,65,0,0,0,0,55,0,26,0,0,0,0,7,73,73,114,118,362,247,228,177,166,83,81,77,79,69,86,62,59,50,50,24,25,16,39,17,17,17,18,10,9,0,0,5,18,4]} 1. e4 c5 2. Nf3 Nc6 3. Nc3 g6 4. d4 cxd4 5. Nxd4 Bg7 6. Be3 Nf6 7. Nxc6 bxc6 8. e5 Ng8 9. Bd4 f6 10. f4 Qa5 11. Qd2 fxe5 {B34: Sicilian: Accelerated Dragon with 5 Nc3: sidelines} 12. fxe5 Bxe5 (12... c5 $11 13. Be3 Bxe5) (12... c5 13. Be3 Bxe5 14. Bc4 Nf6 15. O-O Ba6 16. Bxa6 Qxa6 17. Bxc5 d6 18. Rae1 O-O 19. Bd4 Bxd4+ 20. Qxd4 {½-½ (36) Kasparov,G (2838)-Ivanchuk,V (2711) Prague 2002}) 13. O-O-O (13. Qg5 $1 $14 d6 14. Bxe5 dxe5 15. Bc4) 13... Nf6 14. Re1 Bxd4 15. Qxd4 Rf8 $146 ({Predecessor:} 15... Qg5+ 16. Kb1 c5 17. Qd6 O-O 18. Rxe7 Qg4 19. Ne4 Nxe4 20. Bc4+ Kh8 21. Qe5+ Nf6 22. Re8 {1-0 (22) Monpeurt,C (2166)-Verot,M (2069) Brest 2019}) 16. Bd3 Rf7 (16... Ba6 $1 $11) 17. Rhf1 $36 {[%mdl 3072] White has strong compensation. White has strong initiative.} Qg5+ 18. Kb1 {Black must now prevent Ne4.} c5 $2 (18... d5 $16) 19. Qc4 {Hoping for Ne4.} Kf8 20. Ne4 {[%mdl 64] [#] Double Attack} Qd5 21. Nxf6 ({Worse is} 21. Qxc5 Qxc5 22. Nxc5 d6 $11) ({Resist} 21. Nxc5 $6 Qxc4 22. Bxc4 d5 $14) (21. Qxd5 $18 {Rxf6 would kill now.} Nxd5 22. Rxf7+ (22. Nxc5 Rxf1 23. Rxf1+ Nf6 $14) 22... Kxf7 23. Ng5+ {[%mdl 64] Double Attack} (23. Nxc5 Nf6 $11) 23... Kf6 24. Nxh7+ Kg7 25. Bc4) 21... Qxc4 22. Nxh7+ ({Of course not} 22. Bxc4 Rxf6 23. Rd1 Ke8 $15) 22... Ke8 {Strongly threatening ...Qg4.} 23. Bxc4 Rxh7 24. Bd3 Rxh2 25. Bxg6+ Kd8 26. Be4 Rb8 27. b3 e6 28. Rf7 Bb7 {The position is equal.} 29. Bxb7 Rxb7 30. Rg7 c4 31. Kb2 cxb3 32. axb3 Rc7 33. Re4 {Accuracy: White = 20%, Black = 44%.} 1/2-1/2

[Event "Pavlodar Open 2019"]
[Site "Pavlodar"]
[Date "2019.11.25"]
[Round "4.2"]
[White "Zhigalko, Andrey"]
[Black "Yudin, Sergei"]
[Result "1/2-1/2"]
[WhiteElo "2537"]
[BlackElo "2497"]
[Annotator "TA"]
[PlyCount "50"]
[EventDate "2019.11.25"]
[EventType "swiss"]
[EventCountry "KAZ"]
[SourceTitle "playchess.com"]
[Source "ChessBase"]
[SourceQuality "1"]

{[%evp 10,50,60,44,48,52,58,62,79,94,92,58,67,52,83,77,88,68,95,89,93,89,99,95,107,82,82,14,25,0,8,0,-3,-10,-9,-6,-5,-17,-11,-18,-23,-24,-16]} 1. e4 d5 2. exd5 Qxd5 3. Nc3 Qd6 4. d4 Nf6 5. Nf3 c6 6. Ne5 Be6 {B01: Scandinavian Defence} (6... Nbd7 7. Nc4 Qc7 8. Qf3 Nb6 9. Bf4 Qd7 10. Nxb6 axb6 11. O-O-O Qd8 12. h3 e6 13. Bc4 Be7 14. g4 {½-½ (32) Grischuk,A (2750)-Rapport,R (2698) chess.com INT 2017}) 7. Bf4 {[#] Threatens to win with Ng6!} Qd8 8. h4 g6 {White is slightly better.} 9. h5 gxh5 10. Be2 $146 ({Predecessor:} 10. Bc4 Bxc4 11. Nxc4 Bg7 12. Qe2 O-O 13. O-O-O Re8 14. Rxh5 Nxh5 15. Qxh5 {½-½ (46) Kovacevic,A (2503)-Milanovic,D (2495) Belgrade 2019}) 10... Nbd7 11. Qd3 Bg7 12. O-O-O Nxe5 13. Bxe5 Qa5 14. Bxf6 Bxf6 15. Rxh5 Qc7 16. Ne4 O-O-O 17. Qe3 Bg7 18. Ng5 (18. Nc5 $16) 18... Bd5 $1 $11 19. c4 h6 20. cxd5 (20. Nh3 {is interesting.} Be6 21. Nf4 Kb8 22. Nxe6 fxe6 23. g3) 20... hxg5 21. Rxh8 Bxh8 22. Kb1 Kb8 23. dxc6 Qxc6 24. Qxg5 Qe4+ 25. Bd3 Qxd4 {[%mdl 64] Double Attack. Accuracy: White = 56%, Black = 69%.} 1/2-1/2

[Event "Pavlodar Open 2019"]
[Site "Pavlodar"]
[Date "2019.11.25"]
[Round "4.3"]
[White "Igambergenov, Alibek"]
[Black "Burmakin, Vladimir"]
[Result "1/2-1/2"]
[WhiteElo "2410"]
[BlackElo "2508"]
[Annotator "TA"]
[PlyCount "84"]
[EventDate "2019.11.25"]
[EventType "swiss"]
[EventCountry "KAZ"]
[SourceTitle "playchess.com"]
[Source "ChessBase"]
[SourceQuality "1"]

{[%evp 9,84,14,13,13,16,14,17,12,10,7,12,8,0,-5,0,-1,-8,-1,0,-2,6,19,24,24,32,6,30,21,35,32,38,39,55,57,53,52,41,45,67,76,85,88,93,84,94,86,90,97,101,110,113,103,96,62,62,47,110,104,111,102,122,93,96,89,176,35,29,26,39,30,33,17,12,14,8,0,0]} 1. Nf3 d5 2. c4 c6 3. d4 Nf6 4. Qb3 e6 5. Bf4 (5. Bg5 Nbd7 6. Nc3 Qa5 7. Bd2 Qb6 8. Qc2 Be7 9. e3 O-O 10. Rc1 Qd8 11. Be2 b6 12. O-O Bb7 13. cxd5 cxd5 14. Bd3 Rc8 {½-½ (35) Rapport,R (2735)-Artemiev,V (2761) Danzhou 2019}) 5... Bd6 6. Bxd6 {D11: Slav Defence: 3 Nf3 sidelines and 3...Nf6 4 e3 Bg4} Qxd6 7. e3 O-O 8. Nc3 Nbd7 9. Rd1 Qe7 $146 ({Predecessor:} 9... a5 10. Be2 Qb4 11. Qc2 dxc4 12. a3 Qe7 13. Bxc4 {1-0 (30) Chernyshov,K (2550)-Madl,I (2379) Zalakaros 2008}) 10. Bd3 dxc4 11. Bxc4 b5 12. Be2 a6 13. e4 e5 14. O-O Rb8 15. a3 Bb7 16. dxe5 Nxe5 17. Nd4 c5 18. Nf5 Qe6 19. Qxe6 fxe6 20. Nd6 Nf7 21. Nxb7 Rxb7 22. e5 $36 {[%mdl 2048] White fights for an advantage.} Nxe5 23. Rd6 {[%mdl 64] [#] Double Attack} Ra7 24. Rxe6 Re8 25. Rxe8+ Nxe8 26. a4 bxa4 27. f4 Nd7 28. Nxa4 a5 29. Rd1 Kf8 30. Bb5 Nef6 31. h3 Rb7 32. Nc3 Nb8 (32... Nb6 $14) 33. g4 $16 g6 34. Rd8+ Ke7 35. Rc8 Nbd7 36. Ra8 Nf8 (36... h6 $16 {might work better.}) 37. Kg2 ({Don't play} 37. Rxa5 $6 Ne6 $14) (37. g5 $18 Nh5 38. Nd5+ (38. Rxa5 Nxf4 39. Kh2 N4e6 $11) 38... Kf7 39. Bc4 (39. Rxa5 Ne6 $16)) 37... Ne6 $14 38. Kg3 Ne4+ 39. Nxe4 {[#] And now Re8+ would win.} Rxb5 40. Ra7+ Kf8 {The position is equal.} 41. f5 Rb3+ $1 42. Kh4 gxf5 $1 {Accuracy: White = 76%, Black = 41%.} 1/2-1/2

[Event "Pavlodar Open 2019"]
[Site "Pavlodar"]
[Date "2019.11.25"]
[Round "4.4"]
[White "Khegay, Dmitriy"]
[Black "Mikaelyan, Arman"]
[Result "1-0"]
[WhiteElo "2504"]
[BlackElo "2467"]
[Annotator "TA"]
[PlyCount "101"]
[EventDate "2019.11.25"]
[EventType "swiss"]
[EventCountry "KAZ"]
[SourceTitle "playchess.com"]
[Source "ChessBase"]
[SourceQuality "1"]

{[%evp 23,101,14,26,10,23,0,44,11,13,23,25,16,20,22,18,11,28,24,28,20,46,46,44,41,49,42,101,78,89,77,202,193,198,200,183,105,116,87,120,143,141,133,143,147,154,137,161,159,160,157,184,183,231,224,221,204,256,268,251,210,254,274,245,229,293,297,346,331,472,457,456,447,1469,1330,7221,7207,6797,6087,5393,5385]} 1. e4 c5 2. Nf3 Nc6 3. d4 cxd4 4. Nxd4 Nf6 5. Nc3 e5 6. Ndb5 d6 7. Bg5 a6 8. Na3 b5 9. Nd5 Be7 10. Bxf6 Bxf6 11. c4 b4 12. Nc2 Rb8 13. Qf3 {B33: Sicilian: Pelikan and Sveshnikov Variations} (13. b3 O-O 14. h4 Be6 15. g3 a5 16. Bh3 Be7 17. Kf1 Qd7 18. Kg2 Bd8 19. Qd3 Qa7 20. Rad1 Qc5 21. h5 Bxd5 22. cxd5 {0-1 (52) Abdusattorov,N (2598)-Cori,J (2686) Biel 2019}) 13... Be6 {[#]} 14. g3 $146 ({Predecessor:} 14. Rd1 Bg5 15. g3 h5 16. h4 Bg4 17. Qb3 Bxd1 18. Kxd1 Bh6 19. Qa4 Rc8 20. Bh3 a5 {1-0 (38) Vovk,Y (2546)-Pileckis,E (2438) Warsaw 2009}) 14... O-O 15. Bg2 {White is slightly better.} Bg5 16. O-O Ne7 17. Nxe7+ Qxe7 18. Qd3 Qa7 19. b3 Qc5 20. Rad1 Rb6 21. Kh1 Bg4 22. f3 Bc8 23. f4 exf4 24. gxf4 Bh6 (24... Be7 $14) 25. Ne3 $36 {[%mdl 2048] Black is under strong pressure.} Be6 26. Rf3 f5 (26... Kh8 $16 {is a better defense.}) 27. Bh3 $1 $18 ({Resist} 27. exf5 $6 Bxf5 28. Nxf5 Qxf5 $14) 27... g6 28. exf5 gxf5 {[#]} 29. Bg2 (29. Qe2 $1 $18) 29... Kh8 $16 30. Rff1 Bg7 31. Bd5 Bxd5+ 32. Nxd5 Rb7 33. Rfe1 a5 34. Re6 a4 {[#]} 35. Ne3 $1 axb3 36. axb3 Rb6 37. Qd5 {Qxc5 is the strong threat.} Qxd5+ 38. Nxd5 (38. Rxd5 $6 Ra6 $16) 38... Rc6 39. Ne3 Rc5 40. Rexd6 ({Don't take} 40. Rdxd6 $6 Ra5 $16) 40... Ra5 41. Rd8 Ra3 42. R1d3 Kg8 43. Rxf8+ Kxf8 $18 {[%mdl 4096] Endgame KRB-KRN} 44. Nc2 ({Don't do} 44. Nxf5 Kf7 $18) 44... Ra2 45. Nxb4 Rb2 (45... Ra1+ $142 46. Kg2 Rc1) 46. c5 {White is clearly winning.} Bh6 47. Nd5 Kf7 (47... Rc2 $142 48. b4 Kf7) 48. c6 Rc2 49. Rc3 Rxc3 50. Nxc3 Ke6 51. c7 {Accuracy: White = 77%, Black = 23%.} 1-0

[Event "Pavlodar Open 2019"]
[Site "Pavlodar"]
[Date "2019.11.25"]
[Round "4.5"]
[White "Sivuk, Vitaly"]
[Black "Faizrakhmanov, Ramil"]
[Result "0-1"]
[WhiteElo "2582"]
[BlackElo "2434"]
[Annotator "TA"]
[PlyCount "74"]
[EventDate "2019.11.25"]
[EventType "swiss"]
[EventCountry "KAZ"]
[SourceTitle "playchess.com"]
[Source "ChessBase"]
[SourceQuality "1"]

{[%evp 14,74,30,20,33,45,70,47,56,40,46,23,85,57,159,160,162,169,147,155,206,220,207,212,202,216,207,206,208,216,187,94,138,107,125,40,111,113,114,113,127,68,123,34,101,101,108,109,108,25,31,31,31,-948,458,-905,-936,-983,-983,-29995,-233,-29996,-29997]} 1. d4 Nf6 2. c4 e6 3. Nc3 Bb4 4. Nf3 O-O 5. Bg5 h6 6. Bh4 b6 7. e3 Bb7 8. Bd3 Be7 {E13: Queen's Indian/Nimzo-Indian hybrid: 4 Nc3 Bb7 5 Bg5 h6 6 Bh4 Bb4} 9. O-O Na6 $146 ({Predecessor:} 9... d5 10. cxd5 Nxd5 11. Bg3 Nd7 12. Nxd5 Bxd5 13. e4 Bb7 14. Qe2 c5 15. Rfd1 Nf6 16. Bc2 {½-½ (82) Kazhgaleyev,M (2566)-Sivuk,V (2523) St Petersburg 2014}) 10. Rc1 c5 {White is slightly better.} 11. Qe2 cxd4 12. exd4 Nb4 (12... Nc7 $11 {remains equal.}) 13. Bb1 $1 $16 d5 (13... Bxf3 $14 14. Qxf3 Rc8) 14. a3 Nc6 15. cxd5 Nxd5 16. Nxd5 Bxh4 (16... exd5 $16 {is a better defense.} 17. Rxc6 Bxh4) 17. Qe4 $18 {[%csl Gb1][%cal Re4h7]} g6 18. Nf4 $1 {[%cal Rf4g6] Strongly threatening Nxg6.} (18. Nxh4 exd5 19. Qf4 Qg5 $11) (18. Qxh4 Qxh4 19. Nxh4 exd5 $11) 18... Na5 19. d5 exd5 20. Qd3 $1 {Black must now prevent Nxg6!} Bf6 {[#]} 21. Nxg6 $1 {[%mdl 512] Intending Ne7+! and mate.} Re8 (21... fxg6 22. Qxg6+) 22. b4 (22. Nf4 $18 Re4 23. Nd2 Bxb2 24. Nxe4 dxe4 25. Qxd8+ Rxd8 26. Rfd1) 22... Nc4 $16 23. Ngh4 {[%cal Bg6h4,Bh4f5,Bf5g3][%mdl 32]} Bg7 24. Qh7+ Kf8 25. Nf5 {[%csl Gf5][%cal Rh7g7]} Qf6 {[#]} 26. Ng3 $1 {[%cal Rg3h5] And now Nh5 would win.} Ne5 27. Nd4 (27. Rc3 $16) 27... Ng6 ({Better is} 27... Nc4 $1 $14 28. Ngf5 Qg6 29. Qxg6 (29. Nxg7 Qxh7 30. Bxh7 Kxg7 $14) (29. Qxg7+ Qxg7 30. Nxg7 Kxg7 $14) 29... fxg6 30. Nxg7 Kxg7) 28. Nb5 ({White should play} 28. Ngf5 $16) 28... Nf4 (28... Ba6 $14 29. Nh5 Qe5 30. Nxg7 Qxg7 31. Qxg7+ Kxg7) 29. Nc7 $1 {[%csl LRa8,LRe8]} d4 30. Nxe8 Rxe8 {[#]} 31. Rc7 (31. Rfe1 $1 $16 {[%cal Re1e8] Rxe8+ is the strong threat.} Rxe1+ 32. Rxe1) 31... Bxg2 $11 32. Ba2 $1 $36 {[%mdl 2048] White fights for an advantage.} Bf3 {[%cal Rf4h3]} 33. h3 $2 {[%mdl 8192]} ({Wrong is} 33. Rxf7+ $2 Qxf7 34. h4 Qxa2 $19) (33. h4 $14 Ne2+ 34. Nxe2) 33... Nxh3+ $19 34. Kh2 Ng5 35. Qc2 {[#]} Qf4 $1 {( -> ...Qh4+)} 36. Rc1 Qh4+ 37. Kg1 Qh3 {Accuracy: White = 57%, Black = 57%.} 0-1

[Event "Pavlodar Open 2019"]
[Site "Pavlodar"]
[Date "2019.11.25"]
[Round "4.6"]
[White "Vorobiov, Evgeny E."]
[Black "Zhalmakhanov, Ramazan"]
[Result "1-0"]
[WhiteElo "2554"]
[BlackElo "2391"]
[Annotator "TA"]
[PlyCount "69"]
[EventDate "2019.11.25"]
[EventType "swiss"]
[EventCountry "KAZ"]
[SourceTitle "playchess.com"]
[Source "ChessBase"]
[SourceQuality "1"]

{[%evp 10,69,8,12,32,36,30,32,26,20,20,21,31,32,48,45,32,24,18,29,64,70,59,74,85,63,110,96,122,94,88,84,101,72,170,156,187,164,296,300,289,297,335,320,349,235,241,243,462,228,298,223,220,198,289,196,315,289,360,329,353,320]} 1. c4 e5 2. Nc3 Nc6 3. Nf3 Nf6 4. e3 Bb4 5. Qc2 O-O 6. Nd5 Bc5 {A28: English Opening: Four Knights Variation} (6... Be7 {is interesting.} 7. a3 Re8 8. Bd3 g6 9. b4 d6) (6... Re8 7. Qf5 Be7 8. Nxe5 Nb4 9. Nxb4 Bxb4 10. Nf3 d5 11. Qd3 Bf8 12. Be2 c5 13. O-O b6 14. b3 Bb7 15. Bb2 {½-½ (27) So,W (2776)-Melkumyan,H (2660) Douglas 2018}) 7. Ng5 {Intending Nxf6+ and mate.} g6 8. Nxf6+ Qxf6 {White is slightly better.} 9. Ne4 {[%mdl 64] Double Attack} Qe7 10. a3 $146 {next b4 is good for White.} ({Predecessor:} 10. Be2 d6 11. a3 a5 12. b3 Ba7 {0-1 (39) Morovic Fernandez,I (2513)-Grabinsky,A (2296) Montevideo 2018}) 10... a5 11. b3 Ba7 12. Bb2 d6 13. Be2 Be6 14. Nc3 Qh4 15. Nd5 Rac8 16. O-O Bf5 17. Bd3 Be6 18. f4 f5 19. g3 Qd8 20. Rf2 Qd7 21. Bf1 Rf7 {[#]} (21... b5 $16) 22. Bg2 $1 $18 Re8 23. b4 {[%cal Bb3b4,Bb4b5][%mdl 32]} Qd8 (23... h6 $142 24. b5 Ne7 25. Nxe7+ (25. fxe5 Bxd5 26. Qc3 dxe5 $16) 25... Qxe7 26. Bxb7 (26. fxe5 dxe5 27. Bxb7 e4 $16) 26... Kh7) 24. Qc3 Bc8 25. b5 (25. bxa5 Nb8 $18) 25... Ne7 26. Qxa5 (26. fxe5 Nxd5 27. Bxd5 dxe5) 26... Bb8 27. Qc3 ({Much less strong is} 27. fxe5 dxe5 28. Nxe7+ Qxe7 $18) 27... c5 28. a4 Be6 $2 (28... Nxd5 29. Bxd5 (29. cxd5 b6 $18) 29... Be6) 29. a5 (29. fxe5 $142 dxe5 {[#]} 30. Nf4 $1 {[%mdl 512]}) 29... g5 30. fxg5 {Threatens to win with Nf6+.} Nxd5 31. Bxd5 Qxg5 (31... Bxd5 $142 32. cxd5 Qxg5) 32. b6 h5 (32... Bxd5 $142 33. cxd5 Ref8) 33. Qd3 h4 34. Rg2 Kh8 35. Rf1 {Accuracy: White = 68%, Black = 21%.} 1-0

[Event "Pavlodar Open 2019"]
[Site "Pavlodar"]
[Date "2019.11.25"]
[Round "4.7"]
[White "Obolenskikh, Dmitry"]
[Black "Gnusarev, Pavel"]
[Result "1-0"]
[WhiteElo "2542"]
[BlackElo "2288"]
[Annotator "TA"]
[PlyCount "125"]
[EventDate "2019.11.25"]
[EventType "swiss"]
[EventCountry "KAZ"]
[SourceTitle "playchess.com"]
[Source "ChessBase"]
[SourceQuality "1"]

{[%evp 23,125,53,45,28,37,26,33,0,0,0,0,-22,-33,-26,-29,-31,-37,-47,33,25,32,23,26,26,50,24,57,12,11,0,33,32,34,35,52,41,85,85,85,82,100,84,95,75,75,65,72,66,75,64,64,64,72,74,74,74,78,79,79,65,73,72,72,72,79,79,81,79,82,83,89,89,89,89,89,89,89,89,89,89,89,89,172,75,1219,1230,1797,1757,1462,1420,1198,1141,954,411,708,617,2612,131,6436,5694,29980,29981,29980,29975]} 1. e4 c5 2. Nf3 e6 3. d4 cxd4 4. Nxd4 a6 5. Bd3 Nf6 6. O-O d6 7. c4 Be7 8. Nc3 O-O 9. Qe2 b6 10. b3 Bb7 11. Bb2 Nc6 12. Nxc6 Bxc6 13. Rae1 {B42: Sicilian: Kan Variation: 5 Bd3} (13. Rad1 Qc7 14. a4 Rfe8 15. Bb1 Nd7 16. f4 Rad8 17. Qc2 Bb7 18. Kh1 Nf8 19. Ne2 Ng6 20. Qd3 Bf8 {½-½ (33) Wang,H (2643)-Markus,R (2586) Khanty-Mansiysk 2007}) 13... Re8 14. f4 Nd7 {[#]} 15. Kh1 $146 {White is slightly better.} ({Predecessor:} 15. e5 g6 16. exd6 Bxd6 17. Be4 Qc7 18. Qf3 Rac8 19. Bxc6 Qxc6 20. Ne4 Be7 21. Qc3 f6 22. Rd1 Qxe4 23. Rxd7 {1-0 (23) Paunovic,D (2520)-Kovacevic,S (2367) Navalmoral 2004}) 15... Bf6 16. e5 dxe5 17. Ne4 exf4 {Hoping for ...Be5.} 18. Nxf6+ Nxf6 19. Rxf4 e5 $1 {[%cal Re5f4]} 20. Rf5 Ra7 (20... Nd7 $15) 21. Rxe5 $14 Rxe5 22. Qxe5 Rd7 $1 {[%cal Rd7d3]} 23. Bf1 Rd2 24. a4 Qa8 {[%cal Rc6g2]} 25. Re2 Rd1 {[%cal Rd1f1]} 26. Kg1 h6 27. Re1 Rxe1 28. Qxe1 Nd7 29. Bd4 (29. Qg3 {with more complications.} f6 30. Bd4 Be4 31. Be3 Kh7 32. Qd6) 29... Qf8 30. a5 bxa5 31. Qxa5 Qc8 32. b4 Nf8 33. Qe5 {[%csl Gd4][%cal Re5g7]} Ne6 34. Bc3 Qd8 35. Be2 Qb6+ 36. c5 Qb7 37. Qg3 Bb5 38. Bf3 Bc6 39. Bg4 Be4 40. Be2 Bc6 41. h3 Bb5 42. Bf3 Bc6 43. Bg4 Be4 44. Kh2 Bc6 45. h4 $40 {[%mdl 128] White wants a kill.} Be4 46. Qe5 Bxg2 47. Bxe6 fxe6 {[#]} 48. Qxg7+ $1 {[%mdl 512]} Qxg7 49. Bxg7 $16 {[%mdl 4096] Endgame KB-KB} Bc6 50. Bxh6 Kh7 51. Bf4 Kg6 52. Kg3 {Strongly threatening Kg4.} Bd7 (52... Kf5 $16 {was called for.}) 53. Kf3 (53. Bd6 $18 {and White stays clearly on top.}) 53... Bc6+ $2 {[%mdl 8192]} (53... Kf5 $16) 54. Kg4 $18 Ba4 55. h5+ Kf6 56. Bg5+ Ke5 57. Be7 Kd5 58. Kg5 (58. Bd6 $142 Bc2 59. Kg5) 58... e5 {[#]} (58... Bb5 $142 59. Bd6 Bd3) 59. Kf6 $1 Bc2 60. h6 $2 (60. Bd6 $18 {is the precise move to win.} Bd1 61. h6) 60... Bd3 $2 {[%mdl 8192] [#]} (60... Bh7 $16 61. Kg7 Bf5) 61. Bd6 $1 {[%cal Rd6e5]} Kc6 62. Kxe5 Bc2 63. Kf6 {Accuracy: White = 59%, Black = 50%.} 1-0